| 000 | 00685nam a2200229Ia 4500 | ||
|---|---|---|---|
| 003 | GCL | ||
| 008 | 140319s9999 xx 000 0 ara d | ||
| 040 |
_aGCL / _cGCL |
||
| 082 | 0 | 4 |
_a520.953 _bك ع |
| 100 | 1 | _aكرلو تلينو | |
| 245 | 1 | 0 |
_aعلم الفلك: تاريخة عند العرب فى القرون الوسطى / _cكرلو تلينو |
| 260 |
_a[S.N] : _bمكتبة الثقافة الدينية |
||
| 300 | _a370 ص | ||
| 490 | _a | ||
| 650 | 0 | 4 | _aالمحاضرات |
| 650 | 0 | 4 | _aالفلك |
| 650 | 0 | 4 | _aالعلوم |
| 650 | 0 | 4 | _aالعلوم عند العرب |
| 650 | 0 | 4 | _aالعلماء العرب |
| 650 | 0 | 4 | _aالفلكيون |
| 942 |
_2ddc _cBK |
||
| 999 |
_c58890 _d58890 |
||